000
00305nam a2200121Ia 4500
008
231129s9999||||xx |||||||||||||| ||spa||
040
_b
spa
082
_a
850.914 M764g
100
_a
Montanelli Indro
245
0
_a
El general de la Rovere ( y otros heroes)
264
_a
Plaza y Janes
942
_2
ddc
_c
BKS
999
_c
11135
_d
11135